<?xml version="1.0" encoding="UTF-8"?>
<record
    xmlns:xsi="http://www.w3.org/2001/XMLSchema-instance"
    xsi:schemaLocation="http://www.loc.gov/MARC21/slim http://www.loc.gov/standards/marcxml/schema/MARC21slim.xsd"
    xmlns="http://www.loc.gov/MARC21/slim">

  <leader>04015nam a22002657a 4500</leader>
  <controlfield tag="005">20240305165642.0</controlfield>
  <controlfield tag="007">cr||||   |||  </controlfield>
  <controlfield tag="008">220920s2022    es |||||s|||| 00||0 spa d</controlfield>
  <datafield tag="020" ind1=" " ind2=" ">
    <subfield code="a">978-84-1122-283-9</subfield>
  </datafield>
  <datafield tag="035" ind1=" " ind2=" ">
    <subfield code="a">37083</subfield>
  </datafield>
  <datafield tag="040" ind1=" " ind2=" ">
    <subfield code="a">vLex</subfield>
  </datafield>
  <datafield tag="090" ind1=" " ind2=" ">
    <subfield code="c">13955</subfield>
    <subfield code="d">13955</subfield>
  </datafield>
  <datafield tag="100" ind1="1" ind2=" ">
    <subfield code="a">Bueno Delgado, Juan Antonio</subfield>
  </datafield>
  <datafield tag="245" ind1="1" ind2="2">
    <subfield code="a">El exilio en el corpus iuris civilis</subfield>
    <subfield code="h">[Recurso electr&#xF3;nico] /</subfield>
    <subfield code="c">Juan Antonio Bueno Delgado</subfield>
  </datafield>
  <datafield tag="256" ind1=" " ind2=" ">
    <subfield code="a">Servicio en l&#xED;nea</subfield>
  </datafield>
  <datafield tag="260" ind1=" " ind2=" ">
    <subfield code="a">Madrid:</subfield>
    <subfield code="b">Dykinson,</subfield>
    <subfield code="c">2022</subfield>
  </datafield>
  <datafield tag="300" ind1=" " ind2=" ">
    <subfield code="a">1 recurso electr&#xF3;nico</subfield>
  </datafield>
  <datafield tag="500" ind1=" " ind2=" ">
    <subfield code="a">Por lo que respecta a la estructura y contenido concreto de la obra, se divide en tres bloques o apartados, relacionados entre s&#xED;, concernientes al exilio como figura jur&#xED;dica en la antig&#xFC;edad y su proyecci&#xF3;n en el Corpus Iuris Civilis. El primero de ellos trata del exilio en Roma, etimolog&#xED;a, origen y evoluci&#xF3;n, enmarc&#xE1;ndolo, inicialmente, en el &#xE1;mbito familiar como germen de la instituci&#xF3;n en su fase m&#xE1;s primitiva, para pasar a constituir un acto administrativo que deriva del &#xE1;mbito competencial de un Magistrado y, m&#xE1;s adelante, calificarlo como pena, una vez que es la consecuencia de un proceso que culmina con una sentencia condenatoria. Seguidamente, dentro todav&#xED;a del apartado I, el Autor analiza con detalle los distintos tipos de exilio (interdictio aquae et igni, relegatio, deportatio), sustentando sus argumentos con las fuentes del Corpus justinianeo, antes de tratar de la graduaci&#xF3;n de las penas y de las medidas complementarias.Dedica el apartado segundo de la obra a la diversa aplicaci&#xF3;n de las penas de exilio en funci&#xF3;n de la condici&#xF3;n social del reo, para lo que trae a colaci&#xF3;n la diversidad de clases sociales, prestando especial atenci&#xF3;n al antagonismo hontestiores / humiliores y las diferentes medidas punitivas tomadas en relaci&#xF3;n con la clase a la que se perteneciera. Finaliza este segundo bloque con una referencia al cristianismo y la introducci&#xF3;n de nuevos valores, como la equitas, la charitas, la pietas, o la humanitas, que suponen un cambio de paradigma en cuanto a la concepci&#xF3;n del exilio.En la tercera parte del libro, ofrece una rica variedad de datos estad&#xED;sticos sobre diversas cuestiones relacionadas con el exilio en el Corpus Iuris Civilis, comenzando por el total de referencias existentes en el mismo, desglosadas en diversas tablas en las que da cuenta de las veces que se mencionan en cada Libro del Digesto, del C&#xF3;digo, o de las Instituciones, o en cada Cap&#xED;tulo de las Novelas; as&#xED; como las ocasiones en las que la palabra exilio, destierro, deportaci&#xF3;n, relegaci&#xF3;n o interdicci&#xF3;n aparece en cada una de las obras, los autores, los destinatarios, &#x85; y algunas particularidades concretas.En el bloque IV, continuaci&#xF3;n del III, se recoge una ingente base de datos con 395 referencias a doble texto (lat&#xED;n-castellano), ordenadas de manera num&#xE9;rica correlativa, para mayor comodidad a la hora de su localizaci&#xF3;n y consulta, y que consideramos de gran utilidad.En el bloque V, se contiene un ap&#xE9;ndice organizado de forma sistem&#xE1;tica con arreglo a los distintos tipos de exilio, y dentro de cada uno de ellos, en orden correlativo num&#xE9;rico, de manera que resulta muy f&#xE1;cil, combinando estas secciones, acceder a la referencia deseada con facilidad y celeridad, lo que constituye una notable contribuci&#xF3;n para lograr los fines que se persiguen con la publicaci&#xF3;n de la excelente obra que ahora ve la luz&#x85; Del Pr&#xF3;logo de Prof. Dr. D. Antonio Fern&#xE1;ndez de Buj&#xE1;n y Fern&#xE1;ndez.</subfield>
  </datafield>
  <datafield tag="506" ind1="1" ind2=" ">
    <subfield code="a">Disponible solo en los productos indicados</subfield>
    <subfield code="d">vLex Global</subfield>
    <subfield code="d">vLex Global (Academic Edition, excluding Law Schools)</subfield>
    <subfield code="d">vLex Global (U.S. Academic Edition, Law Schools)</subfield>
    <subfield code="d">vLex Global (U.S. Academic Edition, excluding Law Schools)</subfield>
    <subfield code="d">vLex Global (Academic Edition, Law Schools)</subfield>
  </datafield>
  <datafield tag="650" ind1="0" ind2="4">
    <subfield code="a">Derecho Militar</subfield>
    <subfield code="z">Espa&#xF1;a</subfield>
  </datafield>
  <datafield tag="650" ind1="0" ind2="4">
    <subfield code="a">Filosof&#xED;a y religi&#xF3;n</subfield>
    <subfield code="z">Espa&#xF1;a</subfield>
  </datafield>
  <datafield tag="740" ind1="0" ind2=" ">
    <subfield code="a">vLex Libros (Servicio en l&#xED;nea)</subfield>
  </datafield>
  <datafield tag="856" ind1="4" ind2="0">
    <subfield code="u">https://app.vlex.com/#/sources/37083</subfield>
  </datafield>
  <datafield tag="942" ind1=" " ind2=" ">
    <subfield code="c">RAA</subfield>
  </datafield>
  <datafield tag="952" ind1=" " ind2=" ">
    <subfield code="0">0</subfield>
    <subfield code="1">0</subfield>
    <subfield code="4">0</subfield>
    <subfield code="7">0</subfield>
    <subfield code="8">VLEX</subfield>
    <subfield code="9">330111</subfield>
    <subfield code="a">BD-UIN</subfield>
    <subfield code="b">BD-UIN</subfield>
    <subfield code="d">2024-03-05</subfield>
    <subfield code="l">0</subfield>
    <subfield code="p">37083</subfield>
    <subfield code="r">2024-03-05</subfield>
    <subfield code="w">2024-03-05</subfield>
    <subfield code="y">RAA</subfield>
  </datafield>
  <datafield tag="999" ind1=" " ind2=" ">
    <subfield code="c">172191</subfield>
    <subfield code="d">172191</subfield>
  </datafield>
</record>
